000 00624cam a2200193 4500
020 _a039504636X
040 _cDLC
082 0 0 _a519 HOU 1971 A032 Or.
100 1 _aHoel, Paul Gerhard,
245 1 0 _aIntroduction to probability theory
260 _aBoston,
_bHoughton Mifflin
_c[1971]
300 _axi, 258 p.
_billus.
_c24 cm.
490 1 _aThe Houghton-Mifflin series in statistics
500 _aCompanion volume to the author's Introduction to statistical theory and Introduction to stochastic processes.
650 0 _aProbabilities.
700 1 _aPort, Sidney C.,
700 1 _aStone, Charles Joel,
942 _cEK
999 _c12062
_d12062